[Event "Titled Tue 26th Aug Early"]
[Site "chess.com INT"]
[Date "2025.08.26"]
[Round "9"]
[White "Ter-Sahakyan, Samvel"]
[Black "Maghsoodloo, Parham"]
[Result "0-1"]
[WhiteTitle "GM"]
[BlackTitle "GM"]
[WhiteElo "2611"]
[BlackElo "2695"]
[WhiteFideId "13302531"]
[BlackFideId "12539929"]
[EventDate "2025.08.26"]

1. e4 e5 2. Nf3 Nc6 3. Bb5 a6 4. Ba4 Nf6 5. O-O Bc5 6. c3 b5 7. Bc2 d6 8. d4 Ba7
9. h3 O-O 10. Bg5 h6 11. Bh4 Bb7 12. Re1 Re8 13. a4 g5 14. Bg3 b4 15. a5 bxc3
16. bxc3 exd4 17. cxd4 Nb4 18. Nc3 c5 19. d5 c4 20. Ba4 Re7 21. Nd4 Bc8 22. Nc6
Nxc6 23. Bxc6 Rb8 24. e5 dxe5 25. Bxe5 Rb3 26. Qd2 Bf5 27. Rad1 Bd3 28. Ba4 Rxe5
29. Rxe5 Bd4 30. Bxb3 Bxe5 31. Bc2 Qxa5 32. Ne2 Qxd2 33. Rxd2 Ne4 34. Rxd3 cxd3
35. Bxd3 Nc5 36. Bc4 a5 37. Nc1 Ne4 38. Nd3 Bd4 39. g3 a4 40. Kg2 a3 41. Nb4 Bc5
42. Nc2 Kf8 43. Bb3 Nc3 44. Kf3 f5 45. g4 f4 46. h4 Ke7 47. hxg5 hxg5 48. Ne1 a2
49. Bxa2 Nxa2 50. Nd3 Bd6 51. Ke4 Nc3+ 52. Kf5 Nxd5 53. Kxg5 Ke6 54. f3 Be5 55.
Nc5+ Ke7 56. Nd3 Ke6 57. Nc5+ Kd6 58. Nd3 Bc3 59. Kf5 Bd2 60. g5 Ne7+ 61. Kg4
Ng6 62. Kf5 Ne7+ 63. Kg4 Nd5 64. Kf5 Be3 65. g6 Ne7+ 66. Kf6 Bd4+ 67. Kf7 Nf5
68. Nxf4 Nh6+ 69. Ke8 Ke5 70. Nh5 Kf5 71. g7 Kg6 72. Kf8 Bc5+ 73. Ke8 Kxh5 74.
Kd7 Kg6 75. f4 Kxg7 76. f5 Nxf5 77. Ke6 Ne7 78. Kd7 Kf6 79. Ke8 Ke6 80. Kf8 Nf5+
81. Ke8 Bb6 82. Kf8 Bc7 83. Ke8 Ng7+ 84. Kf8 Kf6 0-1

[Event "Titled Tue 26th Aug Early"]
[Site "chess.com INT"]
[Date "2025.08.26"]
[Round "9"]
[White "Zlatin, Alexander"]
[Black "Perez Gormaz, Matias"]
[Result "1-0"]
[WhiteTitle "FM"]
[BlackTitle "IM"]
[WhiteElo "2264"]
[BlackElo "2381"]
[WhiteFideId "2810549"]
[BlackFideId "3406342"]
[EventDate "2025.08.26"]

1. e4 c6 2. e5 d5 3. exd6 exd6 4. d4 d5 5. Nf3 Bd6 6. Bd3 Ne7 7. h3 O-O 8. O-O
Bf5 9. Re1 Bxd3 10. Qxd3 Nd7 11. Bg5 f6 12. Be3 Qe8 13. Nbd2 Qg6 14. Qxg6 hxg6
15. Bf4 Nf5 16. Bxd6 Nxd6 17. Re7 Rf7 18. Rae1 Kf8 19. R7e6 Ne8 20. Nh4 Nc7 21.
Nxg6+ Kg8 22. Re7 Rd8 23. h4 Nb5 24. Re8+ Rxe8 25. Rxe8+ Kh7 26. h5 Kh6 27. Rh8+
Kg5 28. Nf3+ Kg4 29. Re8 Kxh5 30. Nf4+ Kg4 31. Ne6 Nb6 32. Nh2+ Kf5 33. g4+ Kg6
34. Nf3 Kh7 35. Nf8+ Kh6 36. Ne6 Kh7 37. g5 Kg6 38. Nh4+ Kh5 39. g6 Rd7 40. Nf5
Nd6 41. Nfxg7+ Kxg6 42. Rg8 Kh7 43. Rf8 Rxg7+ 44. Nxg7 Kxg7 45. Rb8 Nbc4 46. b3
Na3 47. c3 Nab5 48. c4 dxc4 49. bxc4 Nxc4 50. Rxb7+ Kg6 51. a4 Nxd4 52. Rb4 Nb6
53. Rxd4 a5 54. Rd6 Nxa4 55. Rxc6 Nb2 56. Rb6 Nc4 57. Rc6 Ne5 58. Ra6 Nc4 59.
Kg2 Kf5 60. Kf3 Ke5 61. Ke2 f5 62. Kd3 Kd5 63. Rf6 Ne5+ 64. Ke2 Ke4 65. Ra6 Nc4
66. Rc6 Kd5 67. Rc8 a4 68. Kd3 Ne5+ 69. Ke3 Ng4+ 70. Kf3 Ne5+ 71. Kf4 Nd3+ 72.
Ke3 Nc5 73. Kf4 Nd3+ 74. Kg3 a3 75. Ra8 Ke4 76. Rxa3 f4+ 77. Kg2 Ne1+ 78. Kf1
Nf3 79. Ke2 Nd4+ 80. Kf1 Nf3 81. Ra4+ Kf5 82. Kg2 Ne1+ 83. Kh3 Nf3 84. Ra5+ Ke4
85. Kg4 Ne5+ 86. Kg5 Nd3 87. Ra4+ Kf3 88. Ra3 Ke2 89. f3 Ne1 90. Kg4 Nd3 91.
Rxd3 Kxd3 92. Kxf4 Kd4 93. Kf5 1-0

[Event "Titled Tue 26th Aug Early"]
[Site "chess.com INT"]
[Date "2025.08.26"]
[Round "9"]
[White "Zhigalko, Sergei"]
[Black "Bluebaum, Matthias"]
[Result "1/2-1/2"]
[WhiteTitle "GM"]
[BlackTitle "GM"]
[WhiteElo "2572"]
[BlackElo "2660"]
[WhiteFideId "13502956"]
[BlackFideId "24651516"]
[EventDate "2025.08.26"]

1. d4 d5 2. Nf3 e6 3. Bf4 c5 4. e3 Nc6 5. c3 Bd6 6. Bg3 Nge7 7. Bd3 O-O 8. Nbd2
cxd4 9. exd4 f6 10. Qc2 h6 11. O-O-O e5 12. dxe5 fxe5 13. Rhe1 Bg4 14. h3 Bh5
15. Qa4 Rc8 16. Bh4 Qc7 17. g4 Bg6 18. Bxe7 Nxe7 19. Bxg6 Nxg6 20. Qb3 Nf4 21.
Ne4 Rce8 22. Rxd5 Nxd5 23. Qxd5+ Kh8 24. Nxd6 Rd8 25. Rd1 Rxd6 26. Qxd6 Qxd6 27.
Rxd6 Rxf3 28. Rd7 Rxh3 29. Rxb7 Rh4 30. Re7 Rxg4 31. Rxe5 g5 32. Kd2 h5 33. Ke3
h4 34. Kf3 Rg1 35. Re6 Kg7 36. Re7+ Kg6 37. Re6+ Kh5 38. Re8 h3 39. Rh8+ Kg6 40.
c4 Kg7 41. Rh5 Kg6 42. Rh8 Kg7 43. Rh5 Kf6 44. Rh6+ Kf5 45. c5 g4+ 46. Ke2 Kg5
47. Rh8 Rc1 48. b4 a5 49. bxa5 Rxc5 50. Rg8+ Kh5 51. Rh8+ Kg6 52. Rg8+ Kf5 53.
Rh8 Kf6 54. a6 Ra5 55. Ke3 Kg7 56. Rh4 Ra3+ 57. Kf4 Ra4+ 58. Kg3 Kf6 59. f3 Rxa6
60. Rxg4 Rxa2 61. Rh4 Ra1 62. Kxh3 Kg6 63. Kg2 Kg5 64. Rg4+ Kf5 65. Rb4 Ra2+ 66.
Kg3 Ra5 67. Rh4 Kf6 68. Rh6+ Kg5 69. Rh4 Ra1 70. Rg4+ Kf5 71. Rb4 Kg5 72. Rb5+
Kf6 73. Kg4 Ra4+ 74. f4 Ra6 75. Rh5 Kf7 76. Rh7+ Kg6 77. Rh8 Ra5 78. Rg8+ Kf6
79. Rb8 Rc5 80. Rb6+ Kf7 81. f5 Rc1 82. Rb7+ Kf6 83. Rb6+ Kf7 84. Rb7+ Kf6 85.
Rb6+ Ke7 86. Kg5 Rg1+ 87. Kh6 Kf7 88. Kh5 Rg2 89. Kh4 Rg1 90. Kh3 Rg5 91. Kh4
Rxf5 92. Kg4 Rd5 93. Rb4 Rc5 94. Re4 Kf6 95. Rf4+ Kg6 96. Kf3 Rc3+ 97. Kg4 Rc1
98. Re4 Rg1+ 99. Kf4 Rf1+ 100. Kg4 Rf6 101. Re5 Rd6 102. Rg5+ Kf6 103. Rf5+ Ke6
104. Rf1 Rd4+ 105. Rf4 Ke5 106. Rxd4 Kxd4 1/2-1/2

[Event "Titled Tue 26th Aug Early"]
[Site "chess.com INT"]
[Date "2025.08.26"]
[Round "10"]
[White "Jimenez Salas, Maria Teresa"]
[Black "Hovakimyan, Vache"]
[Result "1-0"]
[WhiteTitle "WIM"]
[BlackTitle "FM"]
[WhiteElo "2249"]
[BlackElo "2270"]
[WhiteFideId "3843866"]
[BlackFideId "13317288"]
[EventDate "2025.08.26"]

1. e4 d6 2. d4 Nf6 3. Nc3 g6 4. f4 Bg7 5. Nf3 Bg4 6. Be3 a6 7. Bd3 b5 8. e5 Nfd7
9. h3 Bf5 10. Bxf5 gxf5 11. Qd3 b4 12. Ne2 e6 13. g4 fxg4 14. hxg4 h6 15. O-O-O
d5 16. Kb1 Nb6 17. f5 Qd7 18. g5 hxg5 19. f6 Bxf6 20. exf6 Rg8 21. Qh7 Rf8 22.
Qg7 Nc6 23. Qxf8+ 1-0

[Event "Titled Tue 26th Aug Early"]
[Site "chess.com INT"]
[Date "2025.08.26"]
[Round "10"]
[White "Brodowski, Piotr"]
[Black "Bardyk, Artem"]
[Result "1-0"]
[WhiteTitle "IM"]
[BlackTitle "FM"]
[WhiteElo "2457"]
[BlackElo "2332"]
[WhiteFideId "1124480"]
[BlackFideId "34349979"]
[EventDate "2025.08.26"]

1. e4 c6 2. d4 d5 3. Nc3 dxe4 4. Nxe4 Nf6 5. Ng3 h5 6. h4 Bg4 7. f3 Bc8 8. Bg5
e6 9. Qd2 c5 10. N1e2 Nc6 11. O-O-O Be7 12. dxc5 Qxd2+ 13. Rxd2 Bxc5 14. Nc3 a6
15. Nce4 Be7 16. Nd6+ Kf8 17. c4 Nd7 18. Nxc8 Bxg5 19. hxg5 Nde5 20. Nb6 Re8 21.
Rxh5 Ke7 22. f4 1-0

[Event "Titled Tue 26th Aug Early"]
[Site "chess.com INT"]
[Date "2025.08.26"]
[Round "10"]
[White "Livaic, Leon"]
[Black "Henriquez Villagra, Cristobal"]
[Result "0-1"]
[WhiteTitle "GM"]
[BlackTitle "GM"]
[WhiteElo "2550"]
[BlackElo "2592"]
[WhiteFideId "14531534"]
[BlackFideId "3409350"]
[EventDate "2025.08.26"]

1. d4 d5 2. c4 e6 3. Nf3 c6 4. Nc3 Nd7 5. e4 dxe4 6. Nxe4 Ngf6 7. Nxf6+ Nxf6 8.
Bd3 c5 9. dxc5 Bxc5 10. O-O O-O 11. b3 b6 12. Bb2 Bb7 13. Ne5 Qc7 14. Ng4 Nxg4
15. Qxg4 f5 16. Qe2 Qc6 17. Qf3 Qxf3 18. gxf3 Rfd8 19. Bc2 Bxf3 20. Bc3 Bd4 21.
Bxd4 Rxd4 22. Bd1 Rg4# 0-1

[Event "Titled Tue 26th Aug Early"]
[Site "chess.com INT"]
[Date "2025.08.26"]
[Round "10"]
[White "Poleg, Matan"]
[Black "Popov, Tikhon"]
[Result "0-1"]
[WhiteTitle "FM"]
[BlackTitle "FM"]
[WhiteElo "2277"]
[BlackElo "2335"]
[WhiteFideId "2811472"]
[BlackFideId "24252026"]
[EventDate "2025.08.26"]

1. d4 Nf6 2. c4 g6 3. Nc3 d5 4. cxd5 Nxd5 5. g3 Bg7 6. Bg2 Nxc3 7. bxc3 O-O 8.
Nf3 c5 9. O-O Nc6 10. Rb1 cxd4 11. Nxd4 Nxd4 12. cxd4 Bxd4 13. Bh6 Re8 14. Qa4
Bb6 15. Rxb6 Bd7 16. Qd4 e5 17. Rxg6+ hxg6 18. Qb2 Bc6 0-1

[Event "Titled Tue 26th Aug Early"]
[Site "chess.com INT"]
[Date "2025.08.26"]
[Round "10"]
[White "Al-Tarboush, Ward"]
[Black "Gubajdullin, Alexei"]
[Result "1-0"]
[WhiteTitle "FM"]
[BlackTitle "FM"]
[WhiteElo "2224"]
[BlackElo "2228"]
[WhiteFideId "7601450"]
[BlackFideId "4141202"]
[EventDate "2025.08.26"]

1. e4 c5 2. Nf3 d6 3. d4 cxd4 4. Nxd4 Nf6 5. Nc3 g6 6. Be2 Bg7 7. O-O O-O 8. Be3
Nc6 9. Qd2 Ne5 10. h3 Be6 11. Nxe6 fxe6 12. f4 Nf7 13. Rad1 Rc8 14. Bxa7 Rxc3
15. Qxc3 Nxe4 16. Qe3 d5 17. Bd4 e5 18. fxe5 Nxe5 19. Rxf8+ Qxf8 20. Bxe5 Bxe5
21. Rxd5 Qf5 22. Bd3 e6 23. Rxe5 Qxe5 24. Qxe4 Qxb2 25. Qxe6+ Kg7 26. Qe7+ Kh6
27. Qf8+ Kg5 28. h4+ Kxh4 29. Qf4+ 1-0

[Event "Titled Tue 26th Aug Early"]
[Site "chess.com INT"]
[Date "2025.08.26"]
[Round "10"]
[White "Jahnz, Laurin"]
[Black "Fernandes, Rogerio Paulo Muller"]
[Result "1-0"]
[WhiteTitle "CM"]
[WhiteElo "2219"]
[BlackElo "2241"]
[WhiteFideId "16261089"]
[BlackFideId "2101599"]
[EventDate "2025.08.26"]

1. e4 e6 2. b3 d5 3. Bb2 dxe4 4. Nc3 Nf6 5. Qe2 Bb4 6. O-O-O Qe7 7. Nxe4 Nxe4 8.
Qxe4 Nc6 9. Nf3 Ba3 10. d4 O-O 11. Bd3 g6 12. h4 Bxb2+ 13. Kxb2 Nb4 14. h5 Nxd3+
15. Rxd3 Qf6 16. hxg6 hxg6 17. Ne5 c5 18. Rdh3 cxd4 19. Ng4 1-0

[Event "Titled Tue 26th Aug Early"]
[Site "chess.com INT"]
[Date "2025.08.26"]
[Round "10"]
[White "Dandeniya, D D L N"]
[Black "Alcazar Jimenez, Jesus Alberto"]
[Result "0-1"]
[WhiteTitle "CM"]
[BlackTitle "FM"]
[WhiteElo "1985"]
[BlackElo "2172"]
[WhiteFideId "29928818"]
[BlackFideId "2209756"]
[EventDate "2025.08.26"]

1. d4 Nf6 2. c4 c5 3. d5 b5 4. cxb5 a6 5. f3 d6 6. e4 g6 7. Nc3 Bg7 8. Be3 O-O
9. a4 axb5 10. Bxb5 Ba6 11. Nh3 Nbd7 12. O-O Ne8 13. Nf2 Nc7 14. Bxa6 Rxa6 15.
Nd3 Qa8 16. Qc2 Rb8 17. Ra2 Qb7 18. Rb1 Qb3 19. Qxb3 Rxb3 20. Nc1 Rb4 21. a5
Bxc3 0-1

[Event "Titled Tue 26th Aug Early"]
[Site "chess.com INT"]
[Date "2025.08.26"]
[Round "10"]
[White "Garcia Correa, Jose Ricardo"]
[Black "Oluka Robert Mcligeyo"]
[Result "1-0"]
[WhiteTitle "FM"]
[BlackTitle "CM"]
[WhiteElo "2103"]
[BlackElo "2081"]
[WhiteFideId "5101832"]
[BlackFideId "10814647"]
[EventDate "2025.08.26"]

1. e4 c5 2. Nf3 d6 3. d4 cxd4 4. Nxd4 Nf6 5. Nc3 a6 6. f4 e6 7. Qf3 Be7 8. Be3
Qc7 9. g4 O-O 10. g5 Nfd7 11. Bg2 Nc6 12. O-O Rb8 13. Qh5 Nxd4 14. Bxd4 e5 15.
Nd5 Qd8 16. Be3 exf4 17. Nxe7+ Qxe7 18. Rxf4 Qe6 19. Bh3 Qg6 20. Qh4 Ne5 21. Bf5 1-0

[Event "Titled Tue 26th Aug Early"]
[Site "chess.com INT"]
[Date "2025.08.26"]
[Round "10"]
[White "Ibarra Jerez, Jose Carlos"]
[Black "Gabrielian, Artur"]
[Result "0-1"]
[WhiteTitle "GM"]
[BlackTitle "GM"]
[WhiteElo "2545"]
[BlackElo "2407"]
[WhiteFideId "2226332"]
[BlackFideId "4131002"]
[EventDate "2025.08.26"]

1. e4 c5 2. d4 cxd4 3. Qxd4 Nc6 4. Qd3 e6 5. Nc3 a6 6. Bf4 b5 7. O-O-O Bb7 8.
Kb1 Rc8 9. Nf3 Nf6 10. Bg5 Nb4 11. Qd2 Be7 12. e5 Ne4 13. Nxe4 Bxe4 14. Bxe7
Qxe7 15. Bd3 Rxc2 16. Qe3 Nxd3 17. Qxe4 Rxb2+ 18. Ka1 Qa3 0-1

[Event "Titled Tue 26th Aug Early"]
[Site "chess.com INT"]
[Date "2025.08.26"]
[Round "10"]
[White "Bachmann, Axel"]
[Black "Le, Tuan Minh"]
[Result "0-1"]
[WhiteTitle "GM"]
[BlackTitle "GM"]
[WhiteElo "2578"]
[BlackElo "2598"]
[WhiteFideId "3700488"]
[BlackFideId "12401153"]
[EventDate "2025.08.26"]

1. c4 c6 2. e4 e5 3. Nf3 d6 4. d4 Nd7 5. Nc3 Ngf6 6. Be2 Be7 7. O-O O-O 8. Qc2
Qc7 9. Rd1 Re8 10. b3 exd4 11. Nxd4 Bf8 12. Bf4 Ne5 13. h3 h6 14. Rac1 Bd7 15.
Nf5 Bxf5 16. exf5 Rad8 17. g4 d5 18. cxd5 Nf3+ 19. Bxf3 Qxf4 20. Bg2 Bd6 21.
dxc6 bxc6 22. Rd3 h5 23. gxh5 Nxh5 24. Ne2 Rxe2 0-1

[Event "Titled Tue 26th Aug Early"]
[Site "chess.com INT"]
[Date "2025.08.26"]
[Round "10"]
[White "Aghasiyev, Kamal"]
[Black "Liu, Zachary Hankun"]
[Result "1-0"]
[WhiteTitle "IM"]
[WhiteElo "2441"]
[BlackElo "1998"]
[WhiteFideId "13402854"]
[BlackFideId "2640287"]
[EventDate "2025.08.26"]

1. e4 c5 2. Nf3 d6 3. Bb5+ Bd7 4. Bxd7+ Qxd7 5. c4 Nc6 6. d4 cxd4 7. Nxd4 g6 8.
Nc3 Bg7 9. Be3 Nf6 10. f3 O-O 11. O-O Rac8 12. b3 Rfd8 13. Qd2 e6 14. Rac1 d5
15. cxd5 exd5 16. Nxc6 bxc6 17. e5 Ne8 18. Bg5 f6 19. exf6 Bxf6 20. Na4 Qe7 21.
Bxf6 Nxf6 22. Nc5 Nd7 23. Rfe1 Qf7 24. Nb7 Re8 25. Nd6 Rxe1+ 26. Rxe1 Qf8 27.
Nxc8 Qxc8 28. Re7 Qd8 29. Qe3 Nf6 30. Qe6+ Kf8 31. Qf7# 1-0

[Event "Titled Tue 26th Aug Early"]
[Site "chess.com INT"]
[Date "2025.08.26"]
[Round "10"]
[White "Jasinski, Alexander"]
[Black "Duarte Cramer, Lily Jeanette"]
[Result "1-0"]
[BlackTitle "WCM"]
[WhiteElo "2063"]
[BlackElo "1904"]
[WhiteFideId "55627994"]
[BlackFideId "29620180"]
[EventDate "2025.08.26"]

1. e4 c5 2. Nf3 d6 3. Bb5+ Bd7 4. Bxd7+ Qxd7 5. c4 Nc6 6. d4 cxd4 7. Nxd4 Nxd4
8. Qxd4 Nf6 9. Nc3 g6 10. b3 Bg7 11. Bb2 O-O 12. O-O Rac8 13. Nd5 e5 14. Nxf6+
Bxf6 15. Qxa7 Rc5 16. Ba3 Rc6 17. Qe3 Ra8 18. Bb4 Qc7 19. a3 Bg7 20. Rad1 Bf8
21. Rd5 Qb6 22. Qxb6 Rxb6 23. Rfd1 Raa6 24. g3 Kg7 25. Kf1 h5 26. Ke2 Rc6 27.
Rb5 Rcb6 28. a4 Kf6 29. f4 exf4 30. gxf4 Rxb5 31. cxb5 Rb6 32. Ba5 Rxb5 33. axb5
Ke6 34. Bb4 Be7 35. e5 dxe5 36. Bxe7 Kxe7 37. fxe5 Ke6 38. Rd6+ Kxe5 39. Rb6 f5
40. Rxg6 Kf4 41. Kf2 h4 42. Rb6 Kg4 43. Rxb7 Kh3 44. Rh7 f4 45. Kf3 Kxh2 46.
Rxh4+ Kg1 47. Rxf4 Kh2 48. Kf2 Kh3 49. Ra4 Kh2 50. Rh4# 1-0

[Event "Titled Tue 26th Aug Early"]
[Site "chess.com INT"]
[Date "2025.08.26"]
[Round "10"]
[White "Belov, Alexei"]
[Black "Smirnov, Mark"]
[Result "0-1"]
[WhiteTitle "IM"]
[BlackTitle "FM"]
[WhiteElo "2421"]
[BlackElo "2359"]
[WhiteFideId "4128206"]
[BlackFideId "13764594"]
[EventDate "2025.08.26"]

1. e4 Nf6 2. e5 Nd5 3. d4 d6 4. Nf3 dxe5 5. Nxe5 c6 6. Bc4 Nd7 7. Nxd7 Bxd7 8.
O-O e6 9. Nd2 Be7 10. Nf3 O-O 11. Ne5 Bf6 12. c3 Rc8 13. Re1 Re8 14. Qg4 Re7 15.
Bd2 Be8 16. Rad1 c5 17. dxc5 Rxc5 18. Be3 Nxe3 19. Rxe3 Qc7 0-1

[Event "Titled Tue 26th Aug Early"]
[Site "chess.com INT"]
[Date "2025.08.26"]
[Round "10"]
[White "Siva Kumar, Nirish Kumar"]
[Black "Ocampos, Ian"]
[Result "0-1"]
[WhiteTitle "FM"]
[WhiteElo "2214"]
[BlackElo "2195"]
[WhiteFideId "35820802"]
[BlackFideId "117544"]
[EventDate "2025.08.26"]

1. Nf3 g6 2. g3 Bg7 3. Bg2 e5 4. d3 d5 5. O-O Ne7 6. e4 Nbc6 7. Nc3 O-O 8. exd5
Nxd5 9. Nxe5 Nxc3 10. Nxc6 bxc6 11. bxc3 Bxc3 12. Rb1 Bd7 13. Be3 a5 14. Qf3 Qf6
15. Qxf6 Bxf6 16. Bf4 Rfc8 17. Rb7 a4 18. Rfb1 a3 19. Rxc7 Rxc7 20. Bxc7 Be6 21.
c4 Bb2 22. Bd6 Rd8 23. Bb4 Rxd3 24. Bxc6 Bxc4 25. Re1 Kg7 26. Re8 Bxa2 27. Bf8+
Kf6 28. Be7+ Kf5 29. Be4+ Kxe4 30. Bxa3+ Kf3 31. Bb4 0-1

[Event "Titled Tue 26th Aug Early"]
[Site "chess.com INT"]
[Date "2025.08.26"]
[Round "10"]
[White "Shearsby, Jude"]
[Black "Sarkar, Justin"]
[Result "1-0"]
[WhiteTitle "CM"]
[BlackTitle "IM"]
[WhiteElo "2270"]
[BlackElo "2286"]
[WhiteFideId "462527"]
[BlackFideId "2010011"]
[EventDate "2025.08.26"]

1. c3 c5 2. d4 Nf6 3. Bf4 cxd4 4. cxd4 Qb6 5. Nd2 Qxd4 6. e3 Qxb2 7. Ngf3 Nc6 8.
Nc4 Qc3+ 9. Nfd2 e5 10. Rc1 Qb4 11. Nxe5 Nxe5 12. Bxe5 Be7 13. Bd3 O-O 14. Qc2
d6 15. Bxf6 Bxf6 16. Bxh7+ Kh8 17. Bd3 Be6 18. O-O Rac8 19. Qd1 Rxc1 20. Qh5+
Kg8 21. Bh7+ Kh8 22. Bb1+ Kg8 23. Bh7+ Kh8 24. Bg6+ Kg8 25. Qh7# 1-0

[Event "Titled Tue 26th Aug Early"]
[Site "chess.com INT"]
[Date "2025.08.26"]
[Round "10"]
[White "Ruperez Benito, Antonio"]
[Black "Herbrig, Alexander"]
[Result "0-1"]
[WhiteTitle "FM"]
[BlackTitle "FM"]
[WhiteElo "2328"]
[BlackElo "2292"]
[WhiteFideId "22245049"]
[BlackFideId "12952044"]
[EventDate "2025.08.26"]

1. e4 c5 2. Nf3 d6 3. Bb5+ Nd7 4. O-O a6 5. Bd3 g6 6. c3 Bg7 7. Bc2 Ngf6 8. Re1
O-O 9. d4 b5 10. e5 Ne8 11. e6 fxe6 12. Ng5 Nc7 13. dxc5 Nxc5 14. Nxh7 Kxh7 15.
Qh5+ Kg8 16. Bxg6 Rf6 17. Qh7+ Kf8 18. Bh6 Rxg6 19. Qxg6 Bxh6 20. Qxh6+ Ke8 21.
b4 Na4 22. Nd2 Kd7 23. Nb3 Bb7 24. Rad1 Qg8 25. g3 Qg4 26. Re3 Qxd1+ 0-1

[Event "Titled Tue 26th Aug Early"]
[Site "chess.com INT"]
[Date "2025.08.26"]
[Round "10"]
[White "Fellowes, Billy"]
[Black "Silwal, Purushottam"]
[Result "1-0"]
[WhiteTitle "CM"]
[BlackTitle "CM"]
[WhiteElo "2122"]
[BlackElo "2129"]
[WhiteFideId "483540"]
[BlackFideId "12332313"]
[EventDate "2025.08.26"]

1. d4 Nf6 2. Nc3 d5 3. Bf4 g6 4. Nf3 Bg7 5. a3 O-O 6. e3 c5 7. h4 Nc6 8. Ne5
cxd4 9. exd4 h5 10. Be2 Bf5 11. Nxc6 bxc6 12. Qd2 Nd7 13. Bh6 Re8 14. Bxg7 Kxg7
15. f3 e5 16. g4 hxg4 17. fxg4 Be6 18. dxe5 Nxe5 19. O-O-O Rh8 20. Qd4 Qc7 21.
h5 c5 22. Nxd5 cxd4 23. Nxc7 Bxg4 24. Bxg4 Nxg4 25. Nxa8 Rxa8 26. Rxd4 f5 27.
hxg6 Kxg6 28. c4 Re8 29. c5 Re5 30. Rc4 Ne3 31. Rc3 Nd5 32. Rg1+ Kf6 33. Rd3 Nf4
34. Rd6+ Kf7 35. Rd7+ Ke8 36. Rgg7 Rxc5+ 37. Kd2 a5 38. Ra7 Rd5+ 39. Ke3 Ne6 40.
Rge7+ 1-0

[Event "Titled Tue 26th Aug Early"]
[Site "chess.com INT"]
[Date "2025.08.26"]
[Round "10"]
[White "Kiseleva, Arina"]
[Black "Mesquita, Eduardo Barbosa"]
[Result "0-1"]
[WhiteTitle "WCM"]
[WhiteElo "2006"]
[BlackElo "2060"]
[WhiteFideId "4164989"]
[BlackFideId "22757163"]
[EventDate "2025.08.26"]

1. d4 d5 2. Nf3 Nf6 3. e3 Nc6 4. Bb5 Bd7 5. O-O e6 6. c4 Bd6 7. c5 Be7 8. Bxc6
Bxc6 9. Ne5 Bb5 10. Re1 O-O 11. Nc3 Ba6 12. b4 c6 13. a4 Qe8 14. Qb3 Nd7 15.
Nxd7 Bc4 16. Qc2 Qxd7 17. e4 a5 18. bxa5 f5 19. exf5 Rxf5 20. Bd2 Raf8 21. f3 e5
22. Be3 e4 23. fxe4 dxe4 24. Nxe4 Qe6 25. Ng3 R5f7 26. Bg5 Qd7 27. Rxe7 Qxd4+
28. Kh1 Qxa1+ 29. Bc1 Rf1+ 0-1

[Event "Titled Tue 26th Aug Early"]
[Site "chess.com INT"]
[Date "2025.08.26"]
[Round "10"]
[White "Arnold, Rhys"]
[Black "Kocharin, Timur"]
[Result "0-1"]
[WhiteTitle "FM"]
[BlackTitle "FM"]
[WhiteElo "2269"]
[BlackElo "2310"]
[WhiteFideId "1068849"]
[BlackFideId "16240936"]
[EventDate "2025.08.26"]

1. e4 c6 2. d4 d6 3. Nf3 Nd7 4. Bc4 h6 5. O-O g5 6. c3 Bg7 7. Ne1 Nf8 8. f4 gxf4
9. Bxf4 Be6 10. Bxe6 Nxe6 11. Be3 Nf6 12. Nd2 Qc7 13. Nd3 O-O-O 14. a4 h5 15. a5
Kb8 16. a6 b6 17. Nb4 Ng4 18. Bf2 c5 19. Nd5 Qd7 20. Bh4 f6 21. h3 Nh6 22. Nf3
Nc7 23. Nf4 Nf7 24. d5 Ne5 25. Nxe5 dxe5 26. Nxh5 Bh6 27. Kh1 Rdg8 28. Rf5 Ne8
29. Qe2 Nd6 30. Rff1 Bf4 31. b4 c4 32. g4 Rxh5 33. Rxf4 exf4 34. gxh5 Qxh3+ 35.
Qh2 Qf3+ 0-1

[Event "Titled Tue 26th Aug Early"]
[Site "chess.com INT"]
[Date "2025.08.26"]
[Round "10"]
[White "Mullodzhanov, Nathaniel"]
[Black "Terkiewicz, Bruno"]
[Result "1-0"]
[BlackTitle "CM"]
[WhiteElo "2120"]
[BlackElo "2128"]
[WhiteFideId "30961580"]
[BlackFideId "21093245"]
[EventDate "2025.08.26"]

1. e4 Nc6 2. d4 d5 3. e5 Bf5 4. c3 e6 5. Nd2 Qd7 6. f4 h6 7. Ngf3 g5 8. fxg5
hxg5 9. Nxg5 O-O-O 10. Bb5 f6 11. Bxc6 bxc6 12. Ngf3 Bg7 13. Qe2 Kb7 14. Nb3 Ka8
15. Qa6 Ne7 16. Bf4 Rb8 17. exf6 Bxf6 18. Ne5 Bxe5 19. Bxe5 Rh4 20. O-O-O Rb6
21. Qa3 Ng6 22. Bg3 Rh8 23. Rhf1 Rhb8 24. Rd2 Qh7 25. Nc5 Qh6 26. b4 Qg7 27. Rf3
Bg4 28. Re3 e5 29. c4 exd4 30. Qxa7+ Kxa7 31. Ra3+ Ra6 32. Rxa6# 1-0

[Event "Titled Tue 26th Aug Early"]
[Site "chess.com INT"]
[Date "2025.08.26"]
[Round "10"]
[White "Bahmani, Koorosh"]
[Black "Williams, Simon K"]
[Result "1-0"]
[WhiteTitle "CM"]
[BlackTitle "GM"]
[WhiteElo "2205"]
[BlackElo "2444"]
[WhiteFideId "42576750"]
[BlackFideId "404454"]
[EventDate "2025.08.26"]

1. Nf3 f5 2. d3 Nc6 3. e4 e5 4. g3 Nf6 5. Bg2 d6 6. O-O Be7 7. Re1 O-O 8. Nbd2
Qe8 9. exf5 Bxf5 10. d4 Qh5 11. c3 Kh8 12. Nc4 e4 13. Nfd2 Bg4 14. Qc2 d5 15.
Ne3 Bh3 16. Qd1 Ng4 17. Bxh3 Qxh3 18. Qxg4 Qh6 19. h4 g5 20. h5 Bd6 21. Nxd5 Rf7
22. Nxe4 1-0

[Event "Titled Tue 26th Aug Early"]
[Site "chess.com INT"]
[Date "2025.08.26"]
[Round "10"]
[White "Babiarz, Arkadiusz"]
[Black "Punin, Andrii"]
[Result "0-1"]
[WhiteTitle "CM"]
[BlackTitle "FM"]
[WhiteElo "2172"]
[BlackElo "2289"]
[WhiteFideId "21804362"]
[BlackFideId "14112639"]
[EventDate "2025.08.26"]

1. d4 d5 2. Nf3 Nf6 3. Bf4 c6 4. e3 Bg4 5. h3 Bh5 6. Bd3 e6 7. Nbd2 Bd6 8. O-O
Bxf4 9. exf4 Bxf3 10. Nxf3 g6 11. Ne5 Nbd7 12. c3 Nxe5 13. fxe5 Nd7 14. f4 h5
15. Qc2 Qe7 16. g3 O-O-O 17. b4 Kb8 18. a4 Rhf8 19. Kh2 g5 20. f5 f6 21. fxe6
Qxe6 22. Bf5 Qe7 23. exf6 Nxf6 24. Rae1 Qc7 25. Re5 h4 26. Qg2 Nh5 27. Bg4 Nxg3
28. Rxf8 Rxf8 29. b5 cxb5 30. axb5 Qxc3 31. Rxd5 Nf1+ 32. Kh1 Ne3 33. Qh2+ Ka8 0-1